Catálogo
 En Linea

Los dictámenes del ministerio público / (Registro nro. 13286)

Detalles MARC
000 -CABECERA
campo de control de longitud fija 00631nam a2200181 a 4500
001 - NÚMERO DE CONTROL
campo de control 000013672
005 - FECHA Y HORA DE LA ÚLTIMA TRANSACCIÓN
campo de control 20240305094403.0
008 - DATOS DE LONGITUD FIJA--INFORMACIÓN GENERAL
campo de control de longitud fija 091127s2001 dr 001 0 spa d
040 ## - FUENTE DE LA CATALOGACIÓN
Centro catalogador/agencia de origen DO-SdBNP
Lengua de catalogación spa
Centro/agencia transcriptor BNPHU
082 ## - NÚMERO DE LA CLASIFICACIÓN DECIMAL DEWEY
Número de clasificación xxx
Número de documento/Ítem D812d
049 ## - FONDOS LOCALES (OCLC)
Fondos de biblioteca BNPD
100 1# - ENTRADA PRINCIPAL--NOMBRE DE PERSONA
Nombre de persona Duarte Canaán, Pedro J.,
Fechas asociadas al nombre 1963-
9 (RLIN) 6300
245 14 - MENCIÓN DE TÍTULO
Título Los dictámenes del ministerio público /
Mención de responsabilidad, etc. Pedro J. Duarte Canaán.
260 ## - PUBLICACIÓN, DISTRIBUCIÓN, ETC.
Lugar de publicación, distribución, etc. Santo Domingo :
Nombre del editor, distribuidor, etc. Centro de Investigaciones Juridicas Duarte Canaán y Asociado,
Fecha de publicación, distribución, etc. 2001.
300 ## - DESCRIPCIÓN FÍSICA
Extensión 174 p. ;
Dimensiones 22 cm.
500 ## - NOTA GENERAL
Nota general Incluye datos biográficos del autor
504 ## - NOTA DE BIBLIOGRAFÍA, ETC.
Nota de bibliografía, etc. Incluye referencias bibliográficas[p.172]
Existencias
Estado de retiro Estado de pérdida No para préstamo Código de colección Localización permanente Ubicación/localización actual Ubicación en estantería Fecha de adquisición Número de inventario Total de préstamos Signatura topográfica completa Código de barras Fecha visto por última vez Precio válido a partir de Tipo de ítem Koha
    Excluido de préstamo Patrimonio Dominicano Patrimonio Dominicano Patrimonio Dominicano En catalogación 27.11.2009 LF1   xxx D812d 13672-10 25.06.2020 25.06.2020 Libro y Folleto Colección Patrimonio Dominicano

Con tecnología Koha